000 00585nam a2200229Ia 4500
003 OSt
005 20221005122436.0
006 a|||||r|||| 00| 0
007 ta
008 221004b |||||||| |||| 00| 0 eng d
024 _a39421
037 _cTextual
040 _aCRL
_cCRL
_beng
041 _2eng
_aeng
082 _aO:3M57w, F7.1-.2
100 _aJean-Aubry G
_9497011
245 0 _aJoseph Conrad
_b Life and letters
260 _c1927
650 _aENGLISH LITERATURE
942 _hO:3M57w, F7.1-.2
_cTEXL
_2cc
999 _c1044312
_d1044312